| 000 | 00463nam a2200193Ia 4500 | ||
|---|---|---|---|
| 005 | 20250603145550.0 | ||
| 008 | 250603s9999 xx 000 0 und d | ||
| 020 | _a9780323052566 | ||
| 050 | _aRC 440 .S78/ | ||
| 100 | _aStuart, Gail Wiscarz | ||
| 245 | 0 | _aPrinciples and practice of psychiatric nursing | |
| 250 | _a9th ed. | ||
| 260 | _aNew York | ||
| 260 | _bMosby Elsevier | ||
| 260 | _c2009 | ||
| 300 | _a800 p | ||
| 650 | _aNew York | ||
| 942 | _cBK | ||
| 999 |
_c42227 _d42227 |
||